Responses for show #1768 - Wednesday, April 15, 1992

Bruce Simmons game 3.
Missing player introductions and part of Final Jeopardy!

Contestants

Jack Pitney, a college teacher from

Catherine Menser, a pharmacist from Houston, Texas

Bruce Simmons, a grad student from Minneapolis, Minnesota (whose 2-day cash winnings total $31,900)

Jeopardy! Round responses

ANIMAL FACTS
OLD MOVIES
BLACK INVENTORS
PRESIDENTIAL ASTROLOGY
SONGS OF THE '50s
"HANG" TIME
    $100 7
fur

Jack
    $100 8
Wash

Jack
    $100 1
ice cream

Bruce
    $100 15
Sagittarius

Bruce
    $100 28
"The Banana Boat Song"

Bruce
    $100 6
a hangar

Catherine
    $200 19
eyes

Jack
    $200 9
the Andy Hardy films

Bruce
    $200 2
the telephone

Bruce
    $200 18
Cancer

Catherine
    $200 26
the "Summertime Blues"

Catherine
    $200 10
a hangover

Bruce
    $300 23
squirrels

Triple Stumper
    $300 12
(Catherine: Who is Mickey Mouse?)

Jerry

BruceCatherine
    $300 3
(George Washington) Carver

Bruce
    $300 20
Libra

Bruce
    $300 27
"The Battle Of New Orleans"

Bruce
    $300 11
hang dog

Jack
    $400 24
(Alex: Correct, and we have less than a minute to go.)

a cat

Bruce
    $400 13
Elizabeth Taylor

Jack
    $400 4
the golf tee

Bruce
    $400 21
Taft

Bruce
    $400 29
"Put Your Head On My Shoulder"

Bruce
    $400 16
(Bruce: What's to hang loose?)
(Alex: Oh, gosh, that's one we hadn't anticipated, but I think it fits our clue. We were going for "[*]", but we'll accept yours.)

let it all hang out ("to hang loose" accepted)

Bruce
    $500 25
storks

Catherine
    $500 14
Ernest Hemingway

Jack
    $500 5
(Jack: What's a toll booth?)

a traffic light

BruceJack
    $2,500 22
Aquarius

Bruce
    $500 30
"To Know Him Is To Love Him"

Triple Stumper
    $500 17
a cliffhanger

Bruce

Scores at the first commercial break (after clue 14):

Bruce Catherine Jack
$2,200 -$200 $900

Scores at the end of the Jeopardy! Round:

Bruce Catherine Jack
$7,600 $700 $1,100

Double Jeopardy! Round responses

ANTONY & CLEOPATRA
NEWSPAPERS
U.S. GEOGRAPHY
OLD TESTAMENT
WORLD HISTORY
FINANCE
    $200 1
asps

Bruce
    $200 5
Ireland

Bruce
    $200 25
the Great Salt Lake

Jack
    $200 10
in pastures of green (green pastures)

Catherine
    $200 7
France

Bruce
    $200 26
coumpound interest

Bruce
    $400 2
Cleopatra's barge

Bruce
    $400 12
the Boer War

Bruce
    $400 24
Zanesville

Bruce
    $400 11
Cain

Jack
    $400 8
Luxembourg

Bruce
    $400 27
the American Exchange

Bruce
    $600 3
Rome

Triple Stumper
    $600 18
the Herald-Examiner

Jack
    $600 23
(Bruce: What's Virginia?)

Maryland

BruceJack
    $600 15
Goliath

Catherine
    $600 9
Manchuria (Manchukuo)

Catherine
    $600 28
profit & loss

Bruce
    $800 4
Augustus

Jack
    $800 19
Izvestia

Jack
    $800 21
Lake Michigan

Bruce
    $3,000 16
Esther

Catherine
    $800 13
Yugoslavia

Bruce
    $800 29
a rollover

Catherine
    $1000 6
her salad days

Bruce
    $1000 20
Finland

Bruce
    $1000 22
Texas

Jack
    $1000 17
the Ark of the Covenant

Jack
    $1000 14
Soyuz

Catherine
    $5,000 30
(Catherine: What's a Kay Plan?)
(Alex: Would you say it again?)
(Catherine: What's a Key Plan?)
(Alex: No, I'm sorry. It is not called the Key Plan or the Kay Plan. It's the [*], K-E-O... K-E-O--there's no "U"--G-H Plan. Gosh, I'm sorry it didn't work out for you.)

Keogh (Plan)

Catherine

Scores at the end of the Double Jeopardy! Round:

Bruce Catherine Jack
$14,000 $1,900 $6,500
(lock game)

[wagering suggestions for these scores]

Final Jeopardy! Round responses

AUTHORS
[Bruce's response, wager, and final score were cut off the archiving tape. Per additional sources, he won this game with a score of $14,999. His Final Jeopardy! play has been approximated here.]
CatherineWho is Miguel de Cervantes
$1,800
JackWho was Cervantes
$2,000
BruceWho is Cervantes?
$999
Miguel de Cervantes

Final scores:

Bruce Catherine Jack
$14,999 $3,700 $8,500
3-day champion: $46,899 3rd place: N/A 2nd place: a trip for 2 to the Bahamas Princess Resort & Casino

Game dynamics:

Coryat scores:

Bruce Catherine Jack
$12,000 $4,700 $6,500
32 R
(including 1 DD),
1 W
10 R
(including 1 DD),
2 W
(including 1 DD)
14 R,
1 W

Combined Coryat: $23,200

The J! Archive is created by fans, for fans. The Jeopardy! game show and all elements thereof, including but not limited to copyright and trademark thereto, are the property of Jeopardy Productions, Inc. and are protected under law. This website is not affiliated with, sponsored by, or operated by Jeopardy Productions, Inc. Join the discussion at JBoard.tv.